Statistics for Very Quick Guess the Game Zelda Edition

Click here to take the quiz!

General Stats

  • This quiz has been taken 30 times
  • The average score is 4 of 5

Answer Stats

Answer% Correct
Breath of the Wild
93%
Skyward Sword
86%
Ocarina of Time
79%
The Minish Cap
75%
A Link to the Past
54%

Score Distribution

Percentile by Number Answered

Percent of People with Each Score

Your Score History

You have not taken this quiz